Introduced UK Animals by Picture - Statistics

General Stats
  • This quiz has been taken 36 times
  • The average score is 8 of 25
Answer Stats
Picture Answer % Correct
Grey Squirrel
97%
Mandarin Duck
52%
Chinese Water Deer
48%
Pheasant
48%
Egyptian Goose
45%
Golden Pheasant
45%
American Mink
39%
Coati
39%
Ring-Necked Parakeet
39%
American Bullfrog
36%
Sika Deer
36%
Ruddy Duck
33%
Wood Duck
30%
Brown Rat
24%
Nutria
24%
Lady Amherst's Pheasant
21%
Red-Necked Wallaby
21%
Alexandrine Parakeet
15%
Wall Lizard
15%
Fire Bellied Toad
12%
Aesculapian Snake
9%
Alpine Newt
9%
Italian Crested Newt
6%
Western Green Lizard
6%
Midwife Toad
3%
No matching quizzes found
Score Distribution
Percent of People with Each Score
Percentile by Number Answered
Your Score History
You have not taken this quiz